00615nam a2200193Ia 450000500170000000800410001708200130005810000170007110000200008824500840010826000610019230000140025365000100026765000170027765000080029494200060030295200980030899900150040620240610054844.0240331s9999 xx 000 0 und d bGOMa323 aGomez, Mario aGomez, Shyamala 0aStriking a balancebUsing international human rights to achieve gender equality aColombobCanadian International Development Agencyc2004 a177, p ., aWoman aHuman Rights aLaw cL 001040708LaWERCLbWERCLcSSCd2024-03-31l0o 323.34 GOMp6508r2024-03-31w2024-03-31yL c4539d4539